Psicoterapia de orientación junguiana : (Record no. 122443)

MARC details
000 -LEADER
campo de control de longitud fija 00987nam a2200265 4500
001 - NÚMERO DE CONTROL
campo de control 122443
003 - IDENTIFICADOR DE NÚMERO DE CONTROL
campo de control ES-MaACL
005 - FECHA Y HORA DE LA ÚLTIMA TRANSACCIÓN
campo de control 20250822032959.0
007 - CAMPO FIJO DE DESCRIPCIÓN FÍSICA--INFORMACIÓN GENERAL
campo de control de longitud fija t|
008 - DATOS DE LONGITUD FIJA--INFORMACIÓN GENERAL
campo de control de longitud fija 210901s2017 sp ad 00110 spa d
020 ## - NÚMERO INTERNACIONAL ESTÁNDAR DEL LIBRO
Número Internacional Estándar del Libro 978-84-88909-88-6
080 ## - NÚMERO DE LA CLASIFICACIÓN DECIMAL UNIVERSAL
Número de la Clasificación Decimal Universal 159.964.26 Jung Carl G.
100 1# - ENTRADA PRINCIPAL--NOMBRE DE PERSONA
Nombre de persona Castillo Colomer, Javier.
9 (RLIN) 36732
245 10 - MENCIÓN DEL TÍTULO
Título Psicoterapia de orientación junguiana :
Resto del título una visión integrativa de la psicología analítica /
Mención de responsabilidad, etc. Javier Castillo Colomer.
250 ## - MENCION DE EDICION
Mención de edición 1ª ed.
260 ## - PUBLICACIÓN, DISTRIBUCIÓN, ETC.
Lugar de publicación, distribución, etc. Madrid :
Nombre del editor, distribuidor, etc. Psimática,
Fecha de publicación, distribución, etc. 2017.
300 ## - DESCRIPCIÓN FÍSICA
Extensión 215 p. :
Otras características físicas il., gráf. ;
Dimensiones 21 cm.
504 ## - NOTA DE BIBLIOGRAFÍA, ETC.
Nota de bibliografía, etc. Bibliografía: p. [211]-215.
650 #7 - PUNTO DE ACCESO ADICIONAL DE MATERIA--TÉRMINO DE MATERIA
Término de materia o nombre geográfico como elemento de entrada Psicología jungiana
Fuente del encabezamiento o término embne
9 (RLIN) 173646
852 4# - LOCALIZACIÓN
Ubicación ES-MaACL
Número de control de estantería A-14761
itemnumber 126992
Sublocalización o colección R.151821
Ubicación en estantería Depósito 1
Signatura antigua Olim: N-7761
Anotaciones manuscritas Dedicatoria autógrafa del autor
Donativo/Legado Donación: Javier Castillo Colomer
903 ## - NOMBRE PERSONAL DE DONANTE
9 36732
a Castillo Colomer, Javier
e Donante
942 ## - ELEMENTOS DE ENTRADA SECUNDARIOS (KOHA)
Fuente del sistema de clasificación o colocación Clasificación decimal universal
Tipo de ítem Koha Libro impreso
Holdings
Estatus retirado Estado de pérdida Fuente del sistema de clasificación o colocación Estado de daño No para préstamo Colección Biblioteca de origen Biblioteca actual Ubicación en estantería Fecha de adquisición Fuente de adquisición Total de préstamos Signatura topográfica completa Código de barras Visto por última vez Precio de reemplazo Tipo de ítem Koha Nota pública
    Clasificación decimal universal     Libros con dedicatorias Biblioteca del Ateneo de Madrid Biblioteca del Ateneo de Madrid Depósito 1 01/09/2021 Donación   A-14761 1202679 23/02/2023 23/02/2023 Libro impreso Dedicatoria autógrafa del autor